Imagen 1 Imagen 2 Imagen 3 Imagen 4 Imagen 5 Imagen 6

Innovación y mejora de procesos logísticos : (Registro nro. 53566)

Detalles MARC
000 -LEADER
campo de control de longitud fija 01778nam a2200397 i 4500
003 - IDENTIFICADOR DE NÚMERO DE CONTROL
campo de control peliumch
005 - FECHA Y HORA DE LA ÚLTIMA TRANSACCIÓN
campo de control 20260109154315.0
007 - CAMPO FIJO DE DESCRIPCIÓN FÍSICA--INFORMACIÓN GENERAL
campo de control de longitud fija ta
008 - DATOS DE LONGITUD FIJA--INFORMACIÓN GENERAL
campo de control de longitud fija 260109t2007 |||||||gr|||| 00| 0 spa d
020 ## - NÚMERO INTERNACIONAL ESTÁNDAR DEL LIBRO
Número Internacional Estándar del Libro 9788473565202
040 ## - FUENTE DE CATALOGACIÓN
Centro catalogador/agencia de origen UMCH
Lengua de catalogación spa
Centro/agencia transcriptor UMCH
Centro/agencia modificador jmr
Normas de descripción rda
041 0# - CÓDIGO DE IDIOMA
Código de lengua del texto/banda sonora o título independiente spa
043 ## - CÓDIGO DE ÁREA GEOGRÁFICA
Código de área geográfica s-pe---
082 04 - NÚMERO DE LA CLASIFICACIÓN DECIMAL DEWEY
Número de clasificación 658.5/A55/2007
100 1# - ENTRADA PRINCIPAL--NOMBRE DE PERSONA
Nombre de persona Anaya Tejero, Julio Juan.
Término indicativo de función/relación Autor.
245 ## - MENCIÓN DEL TÍTULO
Título Innovación y mejora de procesos logísticos :
Resto del título Análisis, diagnostico e implantación de sistemas logísticos /
Mención de responsabilidad, etc. Julio Juan Anaya Tejero
250 ## - MENCION DE EDICION
Mención de edición Segunda edición.
264 #1 - PRODUCCIÓN, PUBLICACIÓN, DISTRIBUCIÓN, FABRICACIÓN Y COPYRIGHT
Producción, publicación, distribución, fabricación y copyright Madrid :
Nombre del de productor, editor, distribuidor, fabricante ESIC,
Fecha de producción, publicación, distribución, fabricación o copyright 2007
264 #4 - PRODUCCIÓN, PUBLICACIÓN, DISTRIBUCIÓN, FABRICACIÓN Y COPYRIGHT
Fecha de producción, publicación, distribución, fabricación o copyright ©2007
300 ## - DESCRIPCIÓN FÍSICA
Extensión 228 páginas ;
Otras características físicas ilustraciones, tablas, diagramas
Dimensiones 24 cm.
505 ## - NOTA DE CONTENIDO CON FORMATO
Información miscelánea Capitulo 1:
Título La cadena de suministro y la cadena logística--
Información miscelánea Capitulo 2:
Título Filosofía de la gestión integral de la cadena--
Información miscelánea Capitulo 3:
Título El papel de la informática en el desarrollo logístico de la empresa--
Información miscelánea Capitulo 4:
Título La excelente logística--
Información miscelánea Capitulo 5:
Título ¿Por qué un diagnóstico logístico?--
Información miscelánea Capitulo 6:
Título Técnicas y métodos aplicables al análisis--
Información miscelánea Capitulo 7:
Título Etapas previas para un diagnóstico logístico--
Información miscelánea Capitulo 8:
Título Análisis de la situación logística--
Información miscelánea Capitulo 9:
Título Cómo afrontar un plan de mejora logística.
521 ## - NOTA DE PÚBLICO DESTINATARIO
Nota de público destinatario Recomendado para un público general.
650 14 - PUNTO DE ACCESO ADICIONAL DE MATERIA--TÉRMINO DE MATERIA
Término de materia o nombre geográfico como elemento de entrada Logística
650 24 - PUNTO DE ACCESO ADICIONAL DE MATERIA--TÉRMINO DE MATERIA
Término de materia o nombre geográfico como elemento de entrada Conceptos fundamentales
650 24 - PUNTO DE ACCESO ADICIONAL DE MATERIA--TÉRMINO DE MATERIA
Término de materia o nombre geográfico como elemento de entrada Filosofía
650 24 - PUNTO DE ACCESO ADICIONAL DE MATERIA--TÉRMINO DE MATERIA
Término de materia o nombre geográfico como elemento de entrada Informática
650 24 - PUNTO DE ACCESO ADICIONAL DE MATERIA--TÉRMINO DE MATERIA
Término de materia o nombre geográfico como elemento de entrada Métodos
650 24 - PUNTO DE ACCESO ADICIONAL DE MATERIA--TÉRMINO DE MATERIA
Término de materia o nombre geográfico como elemento de entrada Diagnóstico
650 24 - PUNTO DE ACCESO ADICIONAL DE MATERIA--TÉRMINO DE MATERIA
Término de materia o nombre geográfico como elemento de entrada Análisis de la situación
700 1# - ENTRADA AGREGADA--NOMBRE PERSONAL
Nombre de persona Polanco Martín, Sonia.
Término indicativo de función/relación Autora.
942 ## - ELEMENTOS DE ENTRADA SECUNDARIOS (KOHA)
Fuente del sistema de clasificación o colocación Clasificación Decimal Dewey
Tipo de ítem Koha Libros
Suprimir en OPAC No
Existencias
Estatus retirado Estado de pérdida Fuente del sistema de clasificación o colocación Estado de daño No para préstamo Biblioteca de origen Biblioteca actual Fecha de adquisición Fuente de adquisición Información codificada de la localización en otra ubicación Total checkouts Signatura topográfica completa Código de barras Visto por última vez Precio de reemplazo Tipo de ítem Koha
    Clasificación Decimal Dewey     Biblioteca Central Biblioteca Central 09/01/2026 Donación UMCH   658.5/A55/2007 035698 15/01/2026 09/01/2026 Libros

Horarios de atención

De Lunes a Viernes de 8:00 a.m. -7:00 p.m.
Sábados de 8:00 a.m. - 5:00 p.m.



Email:
 biblioteca@umch.edu.pe

Teléfono: (01) 4490449 anexo 400 y 401
WhatsApp: +51 946 208 593